[Event "Mittelfr. EM 2011 - Hauptturnier"]
[Site "Büchenbach"]
[Date "2011.04.20"]
[Round "3.14"]
[White "Erlbeck, Peter"]
[Black "Keller, Werner"]
[Result "1-0"]
[WhiteElo "2105"]
[BlackElo "1693"]
[PlyCount "47"]
[EventDate "2011.??.??"]
[WhiteTeam "SW Nürnberg Süd e.V."]
[BlackTeam "SW Nürnberg Süd e.V."]

1. e4 d6 2. d4 g6 3. Nc3 Bg7 4. f4 e6 5. Nf3 Ne7 6. Be3 b6 7. Qd2 Bb7 8. Bd3
Nd7 9. O-O-O O-O 10. f5 c5 11. fxe6 fxe6 12. Ng5 cxd4 13. Bxd4 Bh6 14. Be3 Ne5
15. Nxe6 Bxe3 16. Qxe3 Nxd3+ 17. Qxd3 Qd7 18. Nxf8 Rxf8 19. Qxd6 Qxd6 20. Rxd6
Nc6 21. Nd5 Ne5 22. Re6 Ng4 23. Re7 Ba6 24. Rxa7 1-0

[Event "Mittelfr. EM 2011 - Hauptturnier"]
[Site "Büchenbach"]
[Date "2011.04.20"]
[Round "3.15"]
[White "Rosin, Ralf"]
[Black "Pokorny, Klaus"]
[Result "1/2-1/2"]
[WhiteElo "2049"]
[BlackElo "1961"]
[PlyCount "59"]
[EventDate "2011.??.??"]
[WhiteTeam "FSV Großenseebach"]
[BlackTeam "TSV Kirchehrenbach"]

1. d4 Nf6 2. Bg5 e6 3. e3 Be7 4. Bd3 d5 5. Nd2 Nbd7 6. f4 c5 7. c3 O-O 8. Ngf3
h6 9. Bh4 Ne8 10. Bxe7 Qxe7 11. O-O Nd6 12. Ne5 cxd4 13. exd4 b5 14. a4 Nc4 15.
Qe2 Nxd2 16. Qxd2 Nxe5 17. fxe5 bxa4 18. Rxa4 Bd7 19. Ra5 Rfb8 20. Bc2 Rb7 21.
Rf3 Qg5 22. Qxg5 hxg5 23. b4 Rb5 24. Ra6 Rb6 25. Ra5 Bb5 26. Kf2 a6 27. Kg3 Rc8
28. Ra3 Rbc6 29. Bd1 f6 30. Kf2 1/2-1/2

[Event "Mittelfr. EM 2011 - Hauptturnier"]
[Site "Büchenbach"]
[Date "2011.04.20"]
[Round "3.16"]
[White "Werner, Thomas"]
[Black "Leopold, Christian"]
[Result "1/2-1/2"]
[WhiteElo "2019"]
[BlackElo "2057"]
[PlyCount "43"]
[EventDate "2011.??.??"]
[WhiteTeam "SW Nürnberg Süd e.V."]
[BlackTeam "SV Lauf a.d.P."]

1. d4 d6 2. c4 e5 3. Nf3 e4 4. Nfd2 f5 5. Nc3 Nf6 6. e3 Be7 7. b4 c6 8. a4 a5
9. bxa5 Qxa5 10. Qc2 O-O 11. Nb3 Qc7 12. Ba3 Be6 13. Be2 b6 14. O-O Na6 15. d5
cxd5 16. Nd4 Bd7 17. Ncb5 Qb8 18. cxd5 Rc8 19. Nc6 Bxc6 20. dxc6 Nc5 21. Bxc5
bxc5 22. Rfb1 1/2-1/2

[Event "Mittelfr. EM 2011 - Hauptturnier"]
[Site "Büchenbach"]
[Date "2011.04.20"]
[Round "3.17"]
[White "Häßlein, Rainer"]
[Black "Schlötterer, Hermann"]
[Result "0-1"]
[WhiteElo "1552"]
[BlackElo "1971"]
[PlyCount "56"]
[EventDate "2011.??.??"]
[WhiteTeam "SAbt Wolframs-Eschenbach"]
[BlackTeam "SC Noris-Tarrasch Nürnberg 1873"]

1. e4 c5 2. f4 d5 3. e5 Bf5 4. c3 e6 5. d4 Nd7 6. Nf3 Ne7 7. Bb5 Nc6 8. Qa4 Qc7
9. O-O Be7 10. Bxc6 bxc6 11. Qd1 c4 12. b4 Bd3 13. Rf2 a5 14. Rb2 O-O 15. Ne1
Bg6 16. a4 Rfb8 17. b5 cxb5 18. Rxb5 Qc6 19. Ba3 Bxa3 20. Nxa3 Nb6 21. Ra2 h6
22. Rab2 Qc7 23. Rc5 Qd8 24. Rcb5 Ra6 25. Nec2 f6 26. Ne3 Be8 27. Qb1 Bxb5 28.
Nxb5 Nxa4 0-1

[Event "Mittelfr. EM 2011 - Hauptturnier"]
[Site "Büchenbach"]
[Date "2011.04.20"]
[Round "4.2"]
[White "Wagner, Florian"]
[Black "Saathoff, Richard"]
[Result "0-1"]
[WhiteElo "2258"]
[BlackElo "2146"]
[PlyCount "64"]
[EventDate "2011.??.??"]
[WhiteTeam "SC Noris-Tarrasch Nürnberg 1873"]
[BlackTeam "SW Nürnberg Süd e.V."]

1. g3 g6 2. Bg2 Bg7 3. d4 c5 4. Nf3 Nf6 5. c4 O-O 6. O-O d6 7. Nc3 Nc6 8. d5
Na5 9. Nd2 a6 10. a3 Qc7 11. b3 Rb8 12. Bb2 b5 13. cxb5 axb5 14. Rc1 Bd7 15.
Na2 Qb6 16. b4 Nb7 17. e4 Ng4 18. Bxg7 Kxg7 19. Nf3 Kg8 20. Qd2 Rfc8 21. Qb2
cxb4 22. axb4 f6 23. Bh3 Nd8 24. Kg2 Qb7 25. Bxg4 Bxg4 26. Nd4 Qd7 27. Rfe1 Nf7
28. Nc6 Ne5 29. Nxb8 Bf3+ 30. Kg1 Qh3 31. Rxc8+ Kg7 32. Nc3 Qg2# 0-1

[Event "Mittelfr. EM 2011 - Hauptturnier"]
[Site "Büchenbach"]
[Date "2011.04.20"]
[Round "4.3"]
[White "Röder, Gerd"]
[Black "Miller, Eduard"]
[Result "0-1"]
[WhiteElo "2237"]
[BlackElo "2098"]
[PlyCount "77"]
[EventDate "2011.??.??"]
[WhiteTeam "SV Altensittenbach"]
[BlackTeam "SC Forchheim e.V."]

1. e4 c5 2. c3 d5 3. exd5 Qxd5 4. d4 Nc6 5. dxc5 Qxd1+ 6. Kxd1 e5 7. Be3 Nf6 8.
f3 Be6 9. Nd2 Nd7 10. b4 a5 11. b5 Ne7 12. Ne4 Nd5 13. Bf2 f5 14. Ng5 Bg8 15.
c6 bxc6 16. bxc6 Nc5 17. Kc2 h6 18. N5h3 g5 19. Re1 O-O-O 20. Rxe5 g4 21. Bd4
gxh3 22. Rxd5 Bxd5 23. Bxh8 hxg2 24. Bxg2 Bxa2 25. Bd4 Bb3+ 26. Kb1 Re8 27. Nh3
Re2 28. Nf4 Ba2+ 29. Kc1 Nb3+ 30. Kd1 Rd2+ 31. Ke1 Bd6 32. Ne2 a4 33. Bh3 Bb1
34. Rg1 Kc7 35. Rg2 a3 36. Bf6 a2 37. c4 Bb4 38. Kf2 Bc5+ 39. Ke1 0-1

[Event "Mittelfr. EM 2011 - Hauptturnier"]
[Site "Büchenbach"]
[Date "2011.04.20"]
[Round "4.4"]
[White "Hauernherm, Wolfgang"]
[Black "Stiller, Jürgen"]
[Result "0-1"]
[WhiteElo "2092"]
[BlackElo "2204"]
[PlyCount "48"]
[EventDate "2011.??.??"]
[WhiteTeam "SV Lauf a.d.P."]
[BlackTeam "SW Nürnberg Süd e.V."]

1. d4 Nf6 2. Nf3 g6 3. c4 Bg7 4. Nc3 d6 5. e4 O-O 6. Be2 e5 7. Be3 exd4 8. Nxd4
Re8 9. f3 Nc6 10. Qd2 Nh5 11. Nxc6 bxc6 12. O-O Qe7 13. Rae1 f5 14. Bd3 fxe4
15. Bxe4 Bd7 16. Bg5 Qf7 17. Nd5 Rab8 18. Nxc7 Rxb2 19. Qxd6 Be5 20. Qa3 Reb8
21. Nd5 Kg7 22. Ne7 Nf4 23. Bxf4 Qxf4 24. g3 Qd2 0-1

[Event "Mittelfr. EM 2011 - Hauptturnier"]
[Site "Büchenbach"]
[Date "2011.04.20"]
[Round "4.5"]
[White "Röder, Frank"]
[Black "Wittmann, Helmut"]
[Result "1-0"]
[WhiteElo "2189"]
[BlackElo "2077"]
[PlyCount "81"]
[EventDate "2011.??.??"]
[WhiteTeam "SV Altensittenbach"]
[BlackTeam "BSG Wöhrlhaus Erlangen"]

1. e4 g6 2. d4 Bg7 3. Be3 c6 4. Nc3 Qb6 5. Rb1 Nf6 6. d5 Qa5 7. Qd2 O-O 8. Nf3
cxd5 9. exd5 d6 10. h3 Bf5 11. Nd4 Nxd5 12. Nxf5 Bxc3 13. Nh6+ Kg7 14. bxc3
Qxa2 15. Rd1 Nxe3 16. Qxe3 Qxc2 17. Be2 Nc6 18. Rc1 Qb3 19. Ng4 f5 20. Qh6+ Kh8
21. Ne3 f4 22. Nc4 b5 23. Nd2 Qb2 24. Rd1 Qxc3 25. O-O Nd4 26. Bg4 d5 27. Rfe1
Qb4 28. Nf3 Nxf3+ 29. Bxf3 a5 30. Bxd5 Rad8 31. Re4 Qxe4 32. Bxe4 Rxd1+ 33. Kh2
Rf6 34. h4 Rd4 35. f3 a4 36. h5 Rxe4 37. fxe4 a3 38. hxg6 Rxg6 39. Qf8+ Rg8 40.
Qxe7 Ra8 41. Qe5+ 1-0

[Event "Mittelfr. EM 2011 - Hauptturnier"]
[Site "Büchenbach"]
[Date "2011.04.20"]
[Round "4.6"]
[White "Walter, Thomas"]
[Black "Strobel, Norbert"]
[Result "0-1"]
[WhiteElo "2158"]
[BlackElo "2008"]
[PlyCount "92"]
[EventDate "2011.??.??"]
[WhiteTeam "SC Erlangen 48/88 e.V."]
[BlackTeam "SK Zirndorf e.V."]

1. e4 c6 2. d4 d5 3. e5 Bf5 4. Nf3 e6 5. Be2 c5 6. O-O Nc6 7. Be3 cxd4 8. Nxd4
Nge7 9. g4 Bg6 10. f4 Nxd4 11. Bxd4 a6 12. Nc3 Rc8 13. Kg2 h5 14. h3 hxg4 15.
hxg4 Nc6 16. Qd2 Nxd4 17. Qxd4 Bc5 18. Qd2 d4 19. f5 dxc3 20. Qf4 exf5 21. Rad1
Qe7 22. gxf5 Rh4 23. Qg3 Bh5 24. f6 gxf6 25. Qxh4 Bxe2 26. Rfe1 Qxe5 27. bxc3
Ke7 28. Rd4 Rg8+ 29. Kf2 Bxd4+ 30. cxd4 Qf5+ 31. Kxe2 Rg4 32. Kd2+ Kd7 33. Qh1
Rxd4+ 34. Kc1 Qf4+ 35. Kb2 Rb4+ 36. Ka3 Ra4+ 37. Kb2 Qd4+ 38. Kc1 Qf4+ 39. Kb2
Qb4+ 40. Kc1 Qa3+ 41. Kd2 Rd4+ 42. Ke2 Qb4 43. Qh3+ Kc7 44. Qg3+ Kc6 45. Qf3+
Re4+ 46. Kd3 Qd4# 0-1

[Event "Mittelfr. EM 2011 - Hauptturnier"]
[Site "Büchenbach"]
[Date "2011.04.20"]
[Round "4.7"]
[White "Hofer, Markus"]
[Black "Meulner, Klaus"]
[Result "0-1"]
[WhiteElo "2042"]
[BlackElo "2119"]
[PlyCount "52"]
[EventDate "2011.??.??"]
[WhiteTeam "SG Büchenbach/Roth e.V."]
[BlackTeam "SW Nürnberg Süd e.V."]

1. d4 Nf6 2. c4 e6 3. Nc3 Bb4 4. Nf3 Ne4 5. Bd2 Bxc3 6. Bxc3 Nxc3 7. bxc3 c5 8.
e4 Qa5 9. Qd2 d6 10. Be2 O-O 11. O-O Nd7 12. Rfd1 e5 13. Qe3 Qa3 14. dxe5 dxe5
15. Rd6 Nb6 16. Nxe5 Be6 17. f4 Rae8 18. f5 Bc8 19. Qg3 f6 20. Ng4 Qb2 21. Re1
Kh8 22. Qd3 Na4 23. e5 fxe5 24. f6 Qxc3 25. Qxc3 Nxc3 26. Bf3 e4 0-1

[Event "Mittelfr. EM 2011 - Hauptturnier"]
[Site "Büchenbach"]
[Date "2011.04.20"]
[Round "4.8"]
[White "Mättig, Stefan"]
[Black "Heimrath, Reiner"]
[Result "0-1"]
[WhiteElo "2088"]
[BlackElo "2259"]
[PlyCount "74"]
[EventDate "2011.??.??"]
[WhiteTeam "SC Noris-Tarrasch Nürnberg 1873"]
[BlackTeam "SC Noris-Tarrasch Nürnberg 1873"]

1. Nf3 g6 2. g3 Bg7 3. Bg2 e5 4. d3 d5 5. O-O Ne7 6. c4 c6 7. Nc3 O-O 8. cxd5
cxd5 9. Bg5 f6 10. Bd2 Nbc6 11. Rc1 Be6 12. b4 Qd7 13. b5 Nd8 14. Na4 b6 15.
Bb4 Nf7 16. Nd2 Rfc8 17. Qb3 Nf5 18. e3 d4 19. Qa3 Rxc1 20. Rxc1 Rc8 21. Bc6
Qc7 22. e4 N5d6 23. Nc4 Nxc4 24. dxc4 Bh6 25. Rc2 f5 26. f3 a5 27. Be1 fxe4 28.
fxe4 Ng5 29. h4 Nh3+ 30. Kg2 Bg4 31. Nxb6 Qxb6 32. Qd6 Qb8 33. Qd5+ Kh8 34.
Bxa5 d3 35. Rc1 Rf8 36. Rf1 Rxf1 37. Kxf1 Qf8+ 0-1

[Event "Mittelfr. EM 2011 - Hauptturnier"]
[Site "Büchenbach"]
[Date "2011.04.20"]
[Round "4.10"]
[White "Wörl, Richard"]
[Black "Erlbeck, Peter"]
[Result "1-0"]
[WhiteElo "2005"]
[BlackElo "2105"]
[PlyCount "59"]
[EventDate "2011.??.??"]
[WhiteTeam "SW Nürnberg Süd e.V."]
[BlackTeam "SW Nürnberg Süd e.V."]

1. e4 c5 2. c3 Nf6 3. d3 Nc6 4. f4 d6 5. Be2 g6 6. Nf3 Bg7 7. O-O O-O 8. Qe1
Rb8 9. Qh4 e6 10. g4 b5 11. Be3 b4 12. Rf2 bxc3 13. bxc3 Rb2 14. f5 exf5 15.
gxf5 Ne5 16. Nxe5 dxe5 17. fxg6 fxg6 18. Bxc5 Re8 19. Be3 Rxe2 20. Rxe2 Qxd3
21. Qe1 Qxe4 22. Nd2 Qc6 23. Rb1 Nd5 24. Ne4 Bf5 25. Bd2 Bf8 26. Rb3 Qc4 27.
Bg5 a5 28. Rbb2 Rc8 29. Rb7 Nxc3 30. Nf6+ 1-0

[Event "Mittelfr. EM 2011 - Hauptturnier"]
[Site "Büchenbach"]
[Date "2011.04.20"]
[Round "4.11"]
[White "Eiber, Manfred"]
[Black "Bolten, Daniel"]
[Result "1-0"]
[WhiteElo "2186"]
[BlackElo "1889"]
[PlyCount "98"]
[EventDate "2011.??.??"]
[WhiteTeam "SW Nürnberg Süd e.V."]
[BlackTeam "SW Nürnberg Süd e.V."]

1. d4 e6 2. Nf3 Nf6 3. Bg5 d5 4. e3 Be7 5. Nbd2 Nbd7 6. Bd3 O-O 7. h4 Re8 8.
Qe2 c5 9. c3 Qc7 10. Bxf6 Bxf6 11. Ng5 Nf8 12. f4 cxd4 13. cxd4 h6 14. Ngf3 Qb6
15. g4 Be7 16. Rb1 Bb4 17. g5 h5 18. O-O g6 19. Ne5 Bxd2 20. Qxd2 Bd7 21. Qe2
Rec8 22. Rfc1 Be8 23. Kf2 Rc7 24. Rxc7 Qxc7 25. Qc2 Rc8 26. Qxc7 Rxc7 27. Ke2
a6 28. Kd2 Nd7 29. Nxd7 Bxd7 30. e4 dxe4 31. Bxe4 Rc4 32. Ke3 Bc6 33. Bd3 Rb4
34. b3 Bd5 35. Rc1 Kf8 36. Rc8+ Ke7 37. Rc7+ Ke8 38. Bc2 Rb6 39. Be4 Bxe4 40.
Kxe4 Rb5 41. Rc5 Rb6 42. Ke5 Kd7 43. Kf6 e5+ 44. Kxf7 exd4 45. f5 d3 46. Rc1
Rb5 47. fxg6 Rf5+ 48. Kg8 Ke7 49. Re1+ Kd7 1-0

[Event "Mittelfr. EM 2011 - Hauptturnier"]
[Site "Büchenbach"]
[Date "2011.04.20"]
[Round "4.12"]
[White "Vasilache, Catalin"]
[Black "Werner, Thomas"]
[Result "1/2-1/2"]
[WhiteElo "2101"]
[BlackElo "2019"]
[PlyCount "36"]
[EventDate "2011.??.??"]
[WhiteTeam "SG Büchenbach/Roth e.V."]
[BlackTeam "SW Nürnberg Süd e.V."]

1. Nf3 Nf6 2. d4 d5 3. g3 e6 4. Bg2 Bd6 5. O-O O-O 6. b3 Nbd7 7. Bb2 b6 8. c4
Bb7 9. Nbd2 Qe7 10. e3 Rac8 11. Qe2 Rfd8 12. Rfd1 c5 13. Ne5 cxd4 14. exd4 Rc7
15. Rac1 Rdc8 16. h3 Ba3 17. Bxa3 Qxa3 18. Rc2 Qf8 1/2-1/2

[Event "Mittelfr. EM 2011 - Hauptturnier"]
[Site "Büchenbach"]
[Date "2011.04.20"]
[Round "4.13"]
[White "Schlötterer, Hermann"]
[Black "Fischer, Gerd"]
[Result "0-1"]
[WhiteElo "1971"]
[BlackElo "2078"]
[PlyCount "92"]
[EventDate "2011.??.??"]
[WhiteTeam "SC Noris-Tarrasch Nürnberg 1873"]
[BlackTeam "FC Gunzenhausen 1910 e.V"]

1. d4 Nf6 2. g3 d5 3. Bg2 c6 4. Nf3 Bf5 5. O-O e6 6. c4 Nbd7 7. b3 Be7 8. Nc3
O-O 9. Bb2 Re8 10. Nd2 Bg6 11. e4 dxe4 12. Ndxe4 Nxe4 13. Nxe4 f5 14. Nc3 Bf6
15. Re1 Bf7 16. Qd2 Nb6 17. Rad1 Qd7 18. f4 Rad8 19. Ne2 Qc7 20. Qc2 Rd7 21.
Rd2 Red8 22. Bf3 c5 23. Red1 cxd4 24. Bxd4 Bxd4+ 25. Nxd4 Qc5 26. Qb2 e5 27.
fxe5 Qxe5 28. Kg2 f4 29. g4 h5 30. h3 Qf6 31. Qc3 Nc8 32. gxh5 Ne7 33. Bg4 Rd6
34. c5 Nd5 35. Qf3 Ne3+ 36. Kg1 Rxd4 37. Rxd4 Rxd4 38. Qxb7 Rxd1+ 39. Bxd1 Nxd1
40. Qa8+ Kh7 41. Qe4+ Kh6 42. Kh2 Ne3 43. Qa8 Bd5 44. Qh8+ Kg5 45. h4+ Kxh4 46.
Qxg7 Qxg7 0-1

[Event "Mittelfr. EM 2011 - Hauptturnier"]
[Site "Büchenbach"]
[Date "2011.04.20"]
[Round "4.14"]
[White "Alt, Norbert"]
[Black "Rosin, Ralf"]
[Result "0-1"]
[WhiteElo "1880"]
[BlackElo "2049"]
[PlyCount "28"]
[EventDate "2011.??.??"]
[WhiteTeam "FC Pleinfeld VfL"]
[BlackTeam "FSV Großenseebach"]

1. d4 d5 2. Nf3 Nf6 3. e3 e6 4. Bd3 c5 5. c3 Nc6 6. Nbd2 Bd6 7. O-O O-O 8. Re1
Qc7 9. dxc5 Bxc5 10. e4 Ng4 11. Rf1 Nce5 12. Bc2 Nxf2 13. Rxf2 Ng4 14. Nd4
Qxh2+ 0-1

[Event "Mittelfr. EM 2011 - Hauptturnier"]
[Site "Büchenbach"]
[Date "2011.04.20"]
[Round "4.15"]
[White "Luther, Helmut"]
[Black "Schanz, Karlheinz"]
[Result "1-0"]
[WhiteElo "1999"]
[BlackElo "1929"]
[PlyCount "105"]
[EventDate "2011.??.??"]
[WhiteTeam "SW Nürnberg Süd e.V."]
[BlackTeam "SC Mühlhof-Reichelsdorf e.V."]

1. d4 d5 2. Nf3 Nf6 3. Bg5 Ne4 4. Bh4 c6 5. e3 Qb6 6. Qc1 Nd7 7. Bd3 Ndf6 8.
O-O h6 9. Bxf6 Nxf6 10. Ne5 e6 11. Nd2 Bd6 12. f4 c5 13. c3 Bd7 14. Nxd7 Nxd7
15. Rb1 O-O 16. Qd1 Rae8 17. Kh1 Bb8 18. Qh5 f5 19. Rf3 Nf6 20. Qg6 c4 21. Bc2
Qc7 22. h3 Qf7 23. Qg3 Kh8 24. Qe1 Rg8 25. g4 fxg4 26. hxg4 Nxg4 27. Qh4 Nf6
28. Rg1 Re7 29. Rh3 Bd6 30. Bg6 Qf8 31. Nf3 Ne4 32. Rg2 b5 33. a3 Qf6 34. Qh5
Rb8 35. Ng5 Qf8 36. Nf7+ Rxf7 37. Bxf7 Nf6 38. Qg6 Be7 39. Bxe6 Rb6 40. f5 Rd6
41. Rgh2 Ng8 42. Qg2 Nf6 43. Qg6 Ng8 44. Rg2 Nf6 45. Rhg3 Ne8 46. Qf7 Kh7 47.
Bxd5 Rf6 48. Qxf8 Bxf8 49. e4 Rd6 50. Bf7 Nc7 51. e5 Rd7 52. e6 Re7 53. f6 1-0

[Event "Mittelfr. EM 2011 - Hauptturnier"]
[Site "Büchenbach"]
[Date "2011.04.20"]
[Round "4.16"]
[White "Keller, Werner"]
[Black "Pokorny, Klaus"]
[Result "0-1"]
[WhiteElo "1693"]
[BlackElo "1961"]
[PlyCount "74"]
[EventDate "2011.??.??"]
[WhiteTeam "SW Nürnberg Süd e.V."]
[BlackTeam "TSV Kirchehrenbach"]

1. Nf3 Nf6 2. d3 g6 3. g3 Bg7 4. Bg2 O-O 5. O-O d5 6. Nbd2 c6 7. e4 dxe4 8.
dxe4 Bg4 9. Qe1 Bxf3 10. Nxf3 e6 11. Qe2 Na6 12. e5 Nd5 13. c4 Nb6 14. Bf4 Qc7
15. Rfd1 Rad8 16. Bg5 Rxd1+ 17. Rxd1 h6 18. Bf6 Bxf6 19. exf6 Rd8 20. Rc1 Nd7
21. Qe3 Qb6 22. Qxh6 Nxf6 23. Re1 Qxf2+ 24. Kh1 Qxb2 25. Ng5 Nc5 26. Rf1 Nd3
27. Be4 Nf2+ 28. Kg1 N2xe4 29. Nxe6 fxe6 30. Qxg6+ Kf8 31. Qxe4 Ke7 32. Qf3
Qd4+ 33. Rf2 Qd1+ 34. Kg2 Qxf3+ 35. Kxf3 Rd3+ 36. Kf4 Rd4+ 37. Kg5 Ne4+ 0-1

[Event "Mittelfr. EM 2011 - Hauptturnier"]
[Site "Büchenbach"]
[Date "2011.04.21"]
[Round "5.1"]
[White "Hirn, Oskar"]
[Black "Saathoff, Richard"]
[Result "1-0"]
[WhiteElo "2243"]
[BlackElo "2146"]
[PlyCount "67"]
[EventDate "2011.??.??"]
[WhiteTeam "SC Noris-Tarrasch Nürnberg 1873"]
[BlackTeam "SW Nürnberg Süd e.V."]

1. c4 Nf6 2. Nc3 g6 3. g3 Bg7 4. Bg2 O-O 5. d3 d6 6. e4 e5 7. Nge2 c6 8. O-O
Be6 9. h3 Qd7 10. Kh2 Na6 11. f4 h5 12. Ng1 h4 13. g4 exf4 14. Bxf4 Nh7 15. Nf3
Qd8 16. Qd2 f6 17. Kh1 g5 18. Bh2 Rf7 19. Nd4 Bc8 20. Nf5 Bf8 21. d4 Nc7 22.
Rad1 Bxf5 23. exf5 Be7 24. Rfe1 Nf8 25. Qc2 Nd7 26. Re6 Rg7 27. Re2 Rc8 28.
Rde1 Kh7 29. b3 Kh6 30. Re3 Qf8 31. Qe2 Bd8 32. Ne4 Be7 33. Nxg5 fxg5 34. Rxe7
1-0

[Event "Mittelfr. EM 2011 - Hauptturnier"]
[Site "Büchenbach"]
[Date "2011.04.21"]
[Round "5.3"]
[White "Miller, Eduard"]
[Black "Röder, Frank"]
[Result "1/2-1/2"]
[WhiteElo "2098"]
[BlackElo "2189"]
[PlyCount "111"]
[EventDate "2011.??.??"]
[WhiteTeam "SC Forchheim e.V."]
[BlackTeam "SV Altensittenbach"]

1. d4 d5 2. c4 c6 3. Nf3 Nf6 4. e3 Bf5 5. Nc3 e6 6. Nh4 Be4 7. f3 Bg6 8. Qb3
Qb6 9. Nxg6 hxg6 10. Bd2 Bd6 11. f4 Be7 12. O-O-O Qxb3 13. axb3 Ng4 14. Re1 Nf2
15. Rg1 Rxh2 16. g4 Nd7 17. g5 O-O-O 18. Kc2 Rdh8 19. c5 Bd8 20. b4 a6 21. Rg3
Nf8 22. Re2 f6 23. Be1 Ne4 24. Nxe4 dxe4 25. Bg2 R8h4 26. Rf2 fxg5 27. fxg5 Nh7
28. Kc3 Bc7 29. Rf7 Bxg3 30. Bxg3 Rxg2 31. Bxh4 Nxg5 32. Rxg7 Nf3 33. Bf6 g5
34. Rg8+ Kd7 35. Rd8+ Kc7 36. Rd6 b5 37. Bd8+ Kc8 38. Bb6 Re2 39. Rxc6+ Kd7 40.
Rd6+ Ke7 41. Bd8+ Ke8 42. c6 Rxe3+ 43. Kc2 Re2+ 44. Kb1 Nd2+ 45. Ka1 Nc4 46.
Rd7 e3 47. Bxg5 Rg2 48. Re7+ Kd8 49. Bh4 Rg4 50. Bf6 Kc8 51. Rxe6 Rg6 52. d5 e2
53. Re8+ Kc7 54. Re7+ Kd8 55. Bh4 Rg4 56. Bf6 1/2-1/2

[Event "Mittelfr. EM 2011 - Hauptturnier"]
[Site "Büchenbach"]
[Date "2011.04.21"]
[Round "5.4"]
[White "Strobel, Norbert"]
[Black "Seibold, Hubert"]
[Result "0-1"]
[WhiteElo "2008"]
[BlackElo "2186"]
[PlyCount "78"]
[EventDate "2011.??.??"]
[WhiteTeam "SK Zirndorf e.V."]
[BlackTeam "SK Zirndorf e.V."]

1. d4 Nf6 2. Nf3 g6 3. c3 Bg7 4. h3 O-O 5. Bf4 d6 6. Nbd2 c5 7. e4 Qb6 8. Nc4
Qd8 9. Qc2 cxd4 10. cxd4 d5 11. Ncd2 dxe4 12. Bc7 Qe8 13. Nxe4 Nxe4 14. Qxe4
Qc6 15. Qf4 Na6 16. Rc1 Qe6+ 17. Be5 Qxa2 18. Bc4 Qa5+ 19. Ke2 Nb4 20. Bxg7
Kxg7 21. d5 Qb6 22. g4 Qd6 23. Qd4+ Kg8 24. g5 b5 25. Bxb5 Nxd5 26. Ne5 Ba6 27.
Bxa6 Qxa6+ 28. Kf3 Qe6 29. h4 f6 30. Ng4 Rad8 31. Rce1 Qb6 32. Qxb6 axb6 33.
Kg3 Rd7 34. Re6 Kf7 35. Rhe1 Rfd8 36. f4 f5 37. Nf2 Rd6 38. R6e5 e6 39. Ra1 Nb4
0-1

[Event "Mittelfr. EM 2011 - Hauptturnier"]
[Site "Büchenbach"]
[Date "2011.04.21"]
[Round "5.5"]
[White "Heimrath, Reiner"]
[Black "Rausch, Wolfgang jr"]
[Result "1-0"]
[WhiteElo "2259"]
[BlackElo "2182"]
[PlyCount "54"]
[EventDate "2011.??.??"]
[WhiteTeam "SC Noris-Tarrasch Nürnberg 1873"]
[BlackTeam "SC Noris-Tarrasch Nürnberg 1873"]

1. e4 c6 2. d3 d5 3. Nd2 g6 4. Ngf3 Bg7 5. c3 e5 6. a4 Ne7 7. b4 h6 8. Be2 Be6
9. c4 f5 10. Bb2 d4 11. a5 Na6 12. Ba3 Nc7 13. Nh4 f4 14. b5 cxb5 15. Bxe7 Kxe7
16. Nxg6+ Kf6 17. Nxh8 b4 18. Bg4 Qxh8 19. Bxe6 Nxe6 20. O-O Bf8 21. Qh5 Qh7
22. Nf3 Bd6 23. Rab1 Rg8 24. g3 Ng5 25. Kh1 Nxf3 26. Qxf3 h5 27. gxf4 exf4 1-0

[Event "Mittelfr. EM 2011 - Hauptturnier"]
[Site "Büchenbach"]
[Date "2011.04.21"]
[Round "5.6"]
[White "Wagner, Florian"]
[Black "Wörl, Richard"]
[Result "1-0"]
[WhiteElo "2258"]
[BlackElo "2005"]
[PlyCount "101"]
[EventDate "2011.??.??"]
[WhiteTeam "SC Noris-Tarrasch Nürnberg 1873"]
[BlackTeam "SW Nürnberg Süd e.V."]

1. e4 c5 2. Nf3 Nc6 3. Bb5 g6 4. O-O Bg7 5. Re1 Nf6 6. h3 O-O 7. c3 Qb6 8. Bf1
e5 9. Na3 d5 10. exd5 Nxd5 11. d3 Bf5 12. Qa4 Rad8 13. Bd2 Nde7 14. Nc4 Qc7 15.
Be3 b6 16. Rad1 Rd7 17. Ng5 Rfd8 18. Qb3 Nd5 19. Ne4 Nxe3 20. Nxe3 Na5 21. Qc2
Be6 22. b3 h6 23. Be2 f5 24. Nd2 b5 25. a3 Rd6 26. b4 cxb4 27. axb4 Nc6 28. Qb1
Ne7 29. Rc1 e4 30. d4 Rc6 31. Qb2 Rc8 32. Nb1 Bxd4 33. Bxb5 Bxc3 34. Nxc3 Rxc3
35. Rcd1 Qb7 36. Bf1 Kf7 37. Rd6 Qc7 38. Red1 f4 39. Ng4 Nf5 40. Ne5+ Ke7 41.
Nxg6+ Kf6 42. Ra6 Ng7 43. Nh4 Kg5 44. Rdd6 Qf7 45. Qe2 h5 46. Qxe4 Kxh4 47. g3+
Kg5 48. Qe5+ Kh6 49. Rxe6+ Nxe6 50. Rxe6+ Kh7 51. Re7 1-0

[Event "Mittelfr. EM 2011 - Hauptturnier"]
[Site "Büchenbach"]
[Date "2011.04.21"]
[Round "5.7"]
[White "Wittmann, Helmut"]
[Black "Röder, Gerd"]
[Result "1-0"]
[WhiteElo "2077"]
[BlackElo "2237"]
[PlyCount "141"]
[EventDate "2011.??.??"]
[WhiteTeam "BSG Wöhrlhaus Erlangen"]
[BlackTeam "SV Altensittenbach"]

1. d4 d5 2. c4 c6 3. Nf3 Nf6 4. Nc3 Bf5 5. cxd5 cxd5 6. Qb3 Qb6 7. Nxd5 Nxd5 8.
Qxd5 e6 9. Qb3 Nc6 10. Bd2 Qxb3 11. axb3 Nb4 12. Ra4 a5 13. e3 Bd6 14. Bb5+ Ke7
15. O-O Bc2 16. Ra3 b6 17. Rc1 Rhc8 18. Ne5 Be4 19. f3 Rxc1+ 20. Bxc1 Bd5 21.
e4 Bb7 22. Nc4 Nc2 23. Ra4 Bb4 24. Nxb6 Rd8 25. Kf1 Nxd4 26. Be2 Nxb3 27. Be3
Nd4 28. Bxd4 Rxd4 29. Nc4 Bc6 30. Ra1 a4 31. Ne5 Be8 32. Rc1 Rd2 33. Nd3 Bb5
34. Rc7+ Ke8 35. Rb7 Bxd3 36. Bxd3 Rxd3 37. Rxb4 Rd2 38. Rxa4 Rxb2 39. Ra7 g6
40. Kg1 Kf8 41. h3 Kg7 42. Kh2 g5 43. Ra5 Kg6 44. Rc5 h5 45. Rc8 h4 46. Rg8+
Kf6 47. Ra8 Ke5 48. Ra7 f6 49. Ra5+ Kf4 50. Ra6 Ke3 51. Rxe6 Kf2 52. Ra6 Kf1
53. Ra1+ Kf2 54. e5 fxe5 55. Ra5 Re2 56. Ra4 Re1 57. Rg4 Rg1 58. Rxg5 Kf1 59.
Rg4 Kf2 60. Rg7 Kf1 61. Rg8 Kf2 62. Rg4 Kf1 63. f4 e4 64. f5 Kf2 65. Rf4+ Ke3
66. Kxg1 Kxf4 67. f6 e3 68. f7 e2 69. f8=Q+ Ke3 70. Qe7+ Kd2 71. Kf2 1-0

[Event "Mittelfr. EM 2011 - Hauptturnier"]
[Site "Büchenbach"]
[Date "2011.04.21"]
[Round "5.8"]
[White "Rosin, Ralf"]
[Black "Eiber, Manfred"]
[Result "1-0"]
[WhiteElo "2049"]
[BlackElo "2186"]
[PlyCount "79"]
[EventDate "2011.??.??"]
[WhiteTeam "FSV Großenseebach"]
[BlackTeam "SW Nürnberg Süd e.V."]

1. d4 Nf6 2. Nf3 e6 3. e3 b6 4. Bd3 Bb7 5. Nbd2 d5 6. Ne5 Nbd7 7. f4 Nxe5 8.
fxe5 Ne4 9. O-O Nxd2 10. Bxd2 f5 11. exf6 gxf6 12. Qh5+ Kd7 13. Qf7+ Qe7 14.
Rxf6 Bg7 15. Bb4 c5 16. dxc5 Bxf6 17. c6+ Bxc6 18. Bxe7 Bxe7 19. Bxh7 Kd6 20.
Rf1 Rhf8 21. Qg7 Rxf1+ 22. Kxf1 Rf8+ 23. Ke2 e5 24. Bd3 Bd7 25. Ke1 Be6 26. g3
Rf3 27. Qh6 Bf8 28. Qh8 e4 29. Be2 Rf7 30. c3 Bg7 31. Qb8+ Rc7 32. h4 Bc8 33.
Kf2 Bf6 34. Kg2 Be7 35. h5 Bg5 36. Kf2 Bh6 37. Bb5 Bg5 38. Be8 d4 39. cxd4 Bb7
40. h6 1-0

[Event "Mittelfr. EM 2011 - Hauptturnier"]
[Site "Büchenbach"]
[Date "2011.04.21"]
[Round "5.9"]
[White "Hofer, Markus"]
[Black "Walter, Thomas"]
[Result "1-0"]
[WhiteElo "2042"]
[BlackElo "2158"]
[PlyCount "87"]
[EventDate "2011.??.??"]
[WhiteTeam "SG Büchenbach/Roth e.V."]
[BlackTeam "SC Erlangen 48/88 e.V."]

1. d4 g6 2. e4 Bg7 3. Nc3 d6 4. Nf3 a6 5. Be3 b5 6. Qd2 Nd7 7. a4 b4 8. Nd1 Rb8
9. Bd3 h5 10. O-O c5 11. c3 Qa5 12. Re1 e6 13. Bf4 e5 14. dxe5 dxe5 15. Bg5 f6
16. Be3 g5 17. Bc4 Ne7 18. Nxg5 fxg5 19. Bxg5 Qb6 20. Bxe7 Kxe7 21. Qd5 Rf8 22.
Ne3 Bb7 23. Qd3 Qg6 24. Bd5 Bh6 25. Nf5+ Rxf5 26. exf5 Qd6 27. Rad1 Qxd5 28.
Qxd5 Bxd5 29. Rxd5 bxc3 30. bxc3 Bg7 31. f4 Rf8 32. Red1 Nb6 33. Rxc5 Nxa4 34.
Rc7+ Kf6 35. fxe5+ Kxe5 36. Rxg7 Nxc3 37. Re1+ Kf4 38. g3+ Kf3 39. Rf1+ Ke3 40.
Re7+ Kd2 41. f6 h4 42. f7 Ne2+ 43. Kg2 hxg3 44. hxg3 1-0